Finish the Dr. Seuss Title Quiz Stats

 Plays Quiz Updated Nov 9, 2016

Challenge
Share
Tweet
Embed
Score 0/28 Timer 05:00
3 Plays Today
Start of title Rest of title % Correct
The Cat...In the Hat
94%
Horton Hears...A Who!
93.1%
Green...Eggs and Ham
92.8%
Horton Hatches...The Egg
91.3%
One Fish Two Fish...Red Fish Blue Fish
89.4%
Yertle...The Turtle (And Other Stories)
79.7%
There's a Wocket...In My Pocket!
76.5%
Oh, the Places...You'll Go!
69.3%
Hop...On Pop
63.3%
How the...Grinch Stole Christmas!
55.5%
Fox...In Socks
51.5%
If I Ran...The Zoo/The Circus
35.1%
Oh, the Thinks...You Can Think!
32.6%
And to Think That...I Saw It On Mulberry Street
31.8%
Start of title Rest of title % Correct
Mr. Brown Can...Moo! Can You?
31.4%
Hunches...In Bunches
23.6%
The 500 Hats...Of Bartholomew Cubbins
21.1%
Oh Say...Can You Say?
18.7%
The Butter...Battle Book
17.5%
I Can Read...With My Eyes Shut
15.9%
Bartholomew and...The Oobleck
13%
You're Only...Old Once!
11.1%
Happy...Birthday To You!
9.3%
Did I Ever Tell You...How Lucky You Are?
8.4%
Thidwick the...Big-Hearted Moose
7.8%
Scrambled...Eggs Super!
5.8%
I Can Lick...30 Tigers Today! (And Other Stories)
5%
The Shape of...Me and Other Stuff
3%

You're not logged in!

Compare scores with friends on all Sporcle quizzes.
OR
Log In

You Might Also Like...

Show Comments

Extras

Top Quizzes Today


Score Distribution

Your Account Isn't Verified!

In order to create a playlist on Sporcle, you need to verify the email address you used during registration. Go to your Sporcle Settings to finish the process.

Report this User

Report this user for behavior that violates our Community Guidelines.

Details: